000
00228nam a2200097Ia 4500
008
240625s9999 xx 000 0 und d
041
_a
eng
100
_a
PAREEK UDAI
245
_a
TRAINING INSTRUMENTS IN HRD AND OD
260
_c
2011
999
_c
34972
_d
34972